Animales colombianos (Registro nro. 17326)

Detalles MARC
000 -LDR (LÍDER)
Campo de control de longitud fija 01169nam a2200313 a 4500
003 - IDENTIFICADOR DEL NÚMERO DE CONTROL
Campo de control CO-PeBPR
005 - FECHA Y HORA DE LA ÚLTIMA TRANSACCIÓN
Campo de control 20260413162904.0
008 - ELEMENTOS DE DATOS DE LONGITUD FIJA--INFORMACIÓN GENERAL
Campo de control de longitud fija 231206s2023 ck a|||ar ||| 00| ||spa d
020 ## - Código Internacional normalizado para libros
Código Internacional normalizado para libros 9789585445987
040 0# - FUENTE DE CATALOGACIÓN
Agencia catalogadora original CO-PeBPR
Idioma de la agencia catalogadora spa
Agencia que transcribe CO-PeBPR
Norma para la descripción rda
041 0# - Código del Idioma
Código idioma del recurso original spa
082 04 - NÚMERO DE CLASIFICACIÓN DECIMAL DEWEY
Número de clasificación (i) 591 R671a
100 1# - ASIENTO PRINCIPAL--NOMBRE PERSONAL
Nombre personal Rocca Toro, Camila
Términos de relación autora
9 (RLIN) 279672
245 10 - MENCIÓN DE TÍTULO
Título propiamente dicho Animales colombianos
Mención de responsabilidad / Camila Rocca Toro ; ilustraciones de Pamela Daza
250 ## - MENCIÓN DE EDICIÓN
Mención de edición Edición especial
264 #1 - Área de la Producción Publicación, Distribución, Manufactura, etc.
Lugar de publicación, distribución, etc. Bogotá, Colombia
Nombre de la editorial, distribuidor, etc. : Taller de Edición Rocca
Fecha de publicación, distribución, etc. , 2023
300 ## - DESCRIPCIÓN FÍSICA
Extensión 96 páginas
Otros detalles físicos : ilustraciones a color
Dimensiones ; 24 centímetros
336 ## - Tipo de Contenido
Tipo de contenido texto
Código de tipo de contenido txt
337 ## - Tipo de Medio
Tipo de Medio sin mediación
Código de tipo de medio n
Fuente rdamedia
338 ## - Tipo de Soporte
Tipo de soporte volumen
Código de tipo de soporte nc
Fuente rdacarrier
500 ## - NOTA GENERAL
Nota general Incluye glosario.
521 ## - NOTA DE AUDIENCIA
Nota de audiencia Recomendado para un público infantil a partir de los 6 años
650 14 - ASIENTO SECUNDARIO DE MATERIA - TÉRMINO TEMÁTICO
Fuente del encabezado o término LEMB
Encabezamiento temático Álbumes infantiles colombianos
Subdivisión cronológica Siglo XXI
9 (RLIN) 85658
650 14 - ASIENTO SECUNDARIO DE MATERIA - TÉRMINO TEMÁTICO
Fuente del encabezado o término LEMB
Encabezamiento temático Literatura infantil colombiana
Subdivisión cronológica Siglo XXI
9 (RLIN) 279673
650 14 - ASIENTO SECUNDARIO DE MATERIA - TÉRMINO TEMÁTICO
Fuente del encabezado o término LEMB
Encabezamiento temático Animales
Subdivisión general Hábitos y conducta
9 (RLIN) 184
650 14 - ASIENTO SECUNDARIO DE MATERIA - TÉRMINO TEMÁTICO
Fuente del encabezado o término LEMB
Encabezamiento temático Biodiversidad
Subdivisión geográfica Colombia
9 (RLIN) 97975
700 1# - ASIENTO SECUNDARIO - NOMBRE PERSONAL
Nombre personal Daza, Pamela
Término de relación, rol en la obra ilustradora
9 (RLIN) 279674
942 ## - ENTRADA DE ELEMENTOS AGREGADOS (KOHA
Fuente de clasificación o esquema de estantería. Dewey Decimal Classification
Tipo de ítem Literatura Infantil
Existencias
Estado de pérdida Fuente del sistema de clasificación o colocación Estado de daño No disponible para préstamo Colección Biblioteca de origen Biblioteca actual Ubicación en estantería Signatura topográfica completa Ejemplar Código de barras Tipo de ítem Fecha de adquisición Fuente de adquisición Total de pagos Fecha de la última vez visto
  Dewey Decimal Classification     Infantil Biblioteca Pública Departamental Comfamiliar Risaralda Biblioteca Pública Departamental Comfamiliar Risaralda Área Infantil (i) 591 R671a Ej.1 RIBPD14786 Literatura Infantil 13/04/2026 Dotación MinCultura y BNC   13/04/2026
  Dewey Decimal Classification     Infantil Biblioteca Pública Municipal Isaías Naranjo Ríos Biblioteca Pública Municipal Isaías Naranjo Ríos Área Infantil A ROC8 Ej. 1 API01 - 3413 Literatura Infantil 26/02/2023 Dotación MinCultura y BNC   06/02/2025